[Event "MARCEL 1st Div Ch-League 2019"]
[Site "Dhaka"]
[Date "2019.11.19"]
[Round "8.5"]
[White "Subhayan Kundu"]
[Black "Singh, Soram Rahul"]
[Result "1-0"]
[WhiteElo "2269"]
[BlackElo "2104"]
[Annotator "TA"]
[PlyCount "141"]
[EventDate "2019.11.12"]
[EventCountry "BAN"]
[SourceTitle "playchess.com"]
[Source "ChessBase"]
[SourceQuality "1"]

{[%evp 14,141,35,28,63,20,53,25,47,47,65,24,46,29,45,25,28,16,31,27,30,22,31,19,68,30,30,30,31,31,238,224,243,27,23,18,24,28,61,20,26,0,83,75,76,71,70,20,19,10,10,0,0,0,8,-64,-45,-51,-32,-102,-91,-97,-80,-85,-79,-68,0,0,0,0,0,0,73,0,0,0,0,-32,-31,-26,-27,-32,-27,-185,-100,-93,0,-187,-162,-161,-73,-77,-78,-99,0,0,12,19,14,13,606,664,664,660,653,651,29967,29968,29973,29976,29977,29978,29978,29979,29979,29980,29980,29981,29981,29982,29981,29982,29983,29984,29984,29985,29986,29987,29989,29986]} 1. b3 Nf6 2. Bb2 g6 3. Nf3 Bg7 4. g3 c5 5. c4 Nc6 6. Bg2 O-O 7. O-O d6 8. d4 Ne8 {E60: King's Indian: Unusual lines and Fianchetto Variation without Nc3} (8... cxd4 9. Nxd4 Bd7 10. Nc3 Nxd4 11. Qxd4 Bc6 12. Rfd1 Qa5 13. Qd2 Bxg2 14. Kxg2 Rfc8 15. f3 a6 16. g4 Kf8 17. a4 Qb4 18. Qc2 Qc5 19. a5 h5 {0-1 (52) Jobava,B (2690)-Shimanov,A (2641) chess.com INT 2018}) 9. h3 $146 ({Predecessor:} 9. Qd2 cxd4 10. Nxd4 Bd7 11. e3 Kh8 12. Nc3 Qa5 13. Rad1 Nf6 14. Nde2 Rab8 15. e4 Ne5 16. Nd4 {1-0 (54) Srihari,L (2227)-Arjun,C (2172) Abu Dhabi 2019}) 9... Bf5 10. e3 Qc8 {White has an edge.} 11. Kh2 e5 12. d5 Nb4 13. Ne1 Bd7 14. a3 Na6 15. e4 f5 16. exf5 gxf5 17. Nc3 $36 {[%mdl 2048] White has good play.} Qd8 18. f4 exf4 19. gxf4 Qh4 20. Qd2 Nf6 21. Nf3 Ng4+ $2 (21... Qh6 $14) 22. Kg1 $18 Qh6 23. Ne2 $2 (23. hxg4 $18 fxg4 24. Ne4 gxf3 25. Rxf3) 23... Bxb2 $11 24. Qxb2 Ne3 25. Rf2 Qf6 26. Qc1 Rae8 27. Ng3 h6 (27... Qg6 $11 28. Ne2 Qg7) 28. Raa2 $1 $16 {[%cal Ra2e2]} Kh7 29. Rfe2 Rg8 30. Rxe3 (30. Kh2 $5 {[%cal Re2e3]} Qg7 31. Nh5 $14) 30... Rxe3 31. Qxe3 Rxg3 32. Re2 {aiming for Ng5+!} Rg7 33. Kh2 Nc7 34. h4 (34. b4 $11) 34... Qg6 35. Qf2 Ne8 36. Ne5 (36. Nd2 $15) 36... dxe5 $17 37. fxe5 b6 38. Bh3 f4 39. Bxd7 Qg3+ (39... Rxd7 $15 40. Qxf4 Rf7) 40. Qxg3 $11 fxg3+ 41. Kg2 Rxd7 42. Kxg3 {[%mdl 4096] Endgame KRN-KR} Kg6 (42... Kg8 $11) 43. Kf4 (43. Rf2 $1 $16) 43... Rf7+ 44. Ke4 Rf1 $1 45. Rd2 Re1+ 46. Kf4 Ng7 {White must now prevent ...Nh5+.} 47. Rg2+ Kf7 48. Rb2 $2 (48. Rf2 $11 {and White is okay.}) 48... Rf1+ (48... Nh5+ $1 $19 49. Kf5 Rf1+ 50. Kg4 Ng7) 49. Ke4 $17 Re1+ (49... Nf5 $17 50. Rh2 Nd4) 50. Kf4 $19 Nh5+ $1 51. Kf5 Ng3+ (51... Rf1+ $1 $19 52. Kg4 Ng7) 52. Kg4 $17 {[#] Threatens to win with e6+.} Ne2 $1 53. b4 {[#]} cxb4 (53... Rg1+ $1 $17 54. Kf3 Nd4+ 55. Ke4 Re1+ 56. Kf4 Re2 57. Rxe2 Nxe2+ 58. Ke3 Nd4 59. bxc5 bxc5) 54. axb4 $11 Nc1 55. e6+ Ke7 56. Rd2 Kd6 $2 {[%mdl 8192] [#]} (56... Re2 $11 57. d6+ Kxe6) 57. c5+ $1 $18 {[%mdl 512]} bxc5 58. bxc5+ Kxc5 {...Kd6 is the strong threat.} 59. d6 {Strongly threatening d7.} Rxe6 60. d7 {White mates.} Rg6+ 61. Kh5 Rg8 62. d8=Q Rxd8 63. Rxd8 {KR-KN} Ne2 64. Kxh6 Ng3 65. Kg6 a5 66. Rd3 Ne2 67. Kg5 a4 68. h5 Kc4 69. Re3 Nc3 70. h6 Nd5 71. Re4+ {Accuracy: White = 45%, Black = 42%.} 1-0

[Event "MARCEL 1st Div Ch-League 2019"]
[Site "Dhaka"]
[Date "2019.11.19"]
[Round "8.6"]
[White "S.a.m., Nasir"]
[Black "Roy, Prantik"]
[Result "0-1"]
[WhiteElo "2002"]
[BlackElo "2349"]
[Annotator "TA"]
[PlyCount "104"]
[EventDate "2019.11.12"]
[EventCountry "BAN"]
[SourceTitle "playchess.com"]
[Source "ChessBase"]
[SourceQuality "1"]

{[%evp 17,104,0,0,-18,-12,-16,16,0,29,29,48,43,77,11,128,145,149,70,72,68,82,80,88,82,82,82,82,54,66,45,48,47,45,35,36,33,36,29,29,42,65,24,36,16,40,0,14,0,60,13,26,22,22,11,26,23,36,0,53,32,33,40,42,45,43,36,33,0,0,0,0,0,0,0,0,0,39,0,0,0,0,0,0,-30,-24,-124,-114,-125,-114]} 1. Nf3 Nf6 2. c4 g6 3. g3 Bg7 4. Bg2 O-O 5. O-O d6 6. Nc3 Nc6 7. d3 e5 8. Bg5 h6 9. Bd2 Be6 10. h3 {A26: English Opening vs King's Indian with ...Nc6 and d3} Qd7 11. Kh2 Kh7 $146 ({Predecessor:} 11... Rae8 12. Rc1 Nh7 13. Ng1 f5 14. f4 Nf6 15. Nd5 exf4 16. gxf4 Bxd5 17. cxd5 Nd8 {0-1 (38) Soot,M (2101)-Sepp,O (2426) Viljandi 2015}) 12. Rb1 {The position is equal.} Nh5 13. e4 Qe8 14. Nd5 Rc8 15. Nh4 (15. g4 $16 Nf6 16. b4) 15... f5 (15... Nd4 $11 {keeps the balance.}) 16. exf5 $16 gxf5 17. Bf3 (17. g4 $16 fxg4 18. hxg4) 17... Nf6 $14 18. Nxf6+ Bxf6 19. Bh5 Bf7 20. Bxf7 Qxf7 21. Nxf5 Bg5 22. Bxg5 hxg5 23. g4 Ne7 24. Nxe7 Qxe7 25. Qe2 Rf4 26. Rbe1 Rcf8 27. Kg2 Kg7 28. f3 Qf6 29. Rf2 Rh8 30. Qe3 Rd4 31. b4 a6 32. a3 Rf8 (32... Qh6 $11 33. Rh1 Qg6) 33. Rc2 Qg6 34. Rd1 Rdf4 35. Rf1 Qf7 36. Rcf2 Qd7 37. c5 Qc6 (37... Qf7 $11) 38. cxd6 cxd6 39. Rc1 Qd5 {[#]} 40. Rc4 $1 {[%mdl 512]} Kg6 (40... Rxc4 41. Qxg5+) 41. Re4 Qb3 42. Rxf4 Rxf4 {[%mdl 4096] Endgame KQR-KQR} 43. Qb6 Qd5 44. Qd8 Qxd3 45. Qg8+ Kh6 46. Qh8+ Kg6 47. h4 gxh4 48. Qxh4 Kf7 49. Qh5+ Ke7 50. g5 Rf7 51. Qh6 {[#]} (51. Qg4 $11) 51... Qf5 $1 $17 52. Qh4 d5 {Played: Rf7-g7} 0-1

[Event "MARCEL 1st Div Ch-League 2019"]
[Site "Dhaka"]
[Date "2019.11.19"]
[Round "8.7"]
[White "Nayem, Haque"]
[Black "Apollosana Mangang, Rajkumar"]
[Result "1/2-1/2"]
[WhiteElo "1875"]
[BlackElo "2078"]
[Annotator "NA"]
[PlyCount "40"]
[EventDate "2019.11.12"]
[EventCountry "BAN"]
[SourceTitle "playchess.com"]
[Source "ChessBase"]
[SourceQuality "1"]
[TimeControl "5400+30"]

{[%evp 8,40,44,35,36,28,32767,32767,16,32767,32767,22,29,-1,22,13,18,0,33,20,42,32767,32767,25,32767,14,53,18,19,32767,32767,25,32767,37,46]} 1. d4 {[%emt 0:00:00]} Nf6 {[%emt 0:00:04]} 2. c4 {[%emt 0:00:00]} g6 {[%emt 0:01:08]} 3. Nc3 {[%emt 0:00:00]} Bg7 {[%emt 0:00:11]} 4. e4 {[%emt 0:00:00]} d6 {[%emt 0:00:05]} 5. Nf3 {[%emt 0:00:00]} O-O {[%emt 0:00:34]} 6. Bg5 {[%emt 0:00:01]} h6 {[%emt 1:30:58]} 7. Bh4 {[%emt 0:00:37]} Nbd7 {[%emt 0:00:00]} 8. Be2 {[%emt 0:00:00]} e5 {[%emt 0:00:00]} 9. d5 {[%emt 0:00:00]} a5 {[%emt 0:00:00]} 10. Qc2 {[%emt 0:00:00] E93: King's Indian: Classical: Petrosian System with 7...Nbd7} (10. Nd2 Nc5 11. g4 c6 12. f3 Bd7 13. Nb3 Na6 14. O-O a4 15. Nd2 Qa5 16. a3 cxd5 17. cxd5 b5 18. Bd3 Rfc8 19. Na2 {0-1 (54) Yurtseven,M (2381)-Heberla,B (2534) Konya 2019}) 10... Nc5 {[%emt 0:00:00]} 11. Nd2 {[%emt 0:00:00]} Bd7 {[%emt 0:00:00]} 12. Nb3 {[%emt 0:00:00]} b6 $146 {[%emt 0:00:00]} ({Predecessor:} 12... Na4 13. f3 b6 14. Nc1 Nxc3 15. bxc3 Qc8 16. Nd3 Nh7 {1-0 (68) Barski,V (1660)-Depoorter,E (2035) Bethune 2001}) 13. Nxc5 {[%emt 0:00:00]} bxc5 {[%emt 0:00:00]} 14. a4 {[%emt 0:00:00]} Qc8 {[%emt 0:00:00]} 15. Rd1 {[%emt 0:00:00]} Nh7 {[%emt 0:00:00]} 16. f3 {[%emt 0:00:00]} f5 {[%emt 0:00:00]} 17. Bd3 {[%emt 0:05:00]} f4 {[%emt 0:00:00]} 18. Kd2 {[%emt 0:00:00]} Bf6 {[%emt 0:00:00]} 19. Bxf6 {[%emt 0:00:00]} Nxf6 {[%emt 0:02:00]} 20. Kc1 {[%emt 0:00:00]} Rf7 $14 {[%emt 0:02:30]} 1/2-1/2

[Event "MARCEL 1st Div Ch-League 2019"]
[Site "Dhaka"]
[Date "2019.11.19"]
[Round "8.8"]
[White "Hasan Md, Emam"]
[Black "Islam, Sheik Md. Khairul"]
[Result "1-0"]
[WhiteElo "2046"]
[BlackElo "1966"]
[Annotator "NA"]
[PlyCount "87"]
[EventDate "2019.11.12"]
[EventCountry "BAN"]
[SourceTitle "playchess.com"]
[Source "ChessBase"]
[SourceQuality "1"]
[TimeControl "5400+30"]

{[%evp 8,87,18,32767,32767,32767,32767,32767,10,9,32767,0,0,0,18,0,8,0,45,25,60,70,76,63,56,32767,32767,0,-7,-58,32767,-56,32767,0,-20,-3,32767,32767,32767,32767,86,95,89,87,83,71,120,32767,21,0,0,0,0,0,0,14,14,20,8,15,22,16,26,0,149,151,316,352,356,153,178,152,271,297,281,273,249,276,677,1492,1945,5389]} 1. e4 {[%emt 0:00:00]} e6 {[%emt 0:00:08]} 2. d3 {[%emt 0:00:15]} d5 {[%emt 1:30:52]} 3. Nd2 {[%emt 0:00:03]} Nf6 {[%emt 0:00:00]} 4. Ngf3 {[%emt 0:00:44]} Bb4 {[%emt 0:00:00]} 5. c3 {[%emt 0:00:21]} Be7 {[%emt 0:00:00]} 6. e5 {[%emt 0:04:44]} Nfd7 {[%emt 0:00:00]} 7. d4 {[%emt 0:00:01]} c5 {[%emt 0:00:00]} 8. Bd3 {[%emt 0:00:12]} Nc6 {[%emt 0:00:00]} 9. b3 {[%emt 0:01:18] C06: French Tarrasch: 3...Nf6 4 e5 Nfd7 5 Bd3 main lines} (9. O-O g5 10. Qe2 h5 11. Qe3 Qb6 12. b4 cxd4 13. cxd4 Nxb4 14. Rb1 Qa5 15. Be2 g4 16. Ne1 Nb6 17. Nb3 Qa4 {½-½ (30) Xiong,J (2634)-Van Foreest,J (2629) Wijk aan Zee 2018}) 9... a6 {[%emt 0:00:00]} 10. O-O {[%emt 0:01:48]} b6 {[%emt 0:00:00]} 11. Bb2 $146 {[%emt 0:01:48]} ({Predecessor:} 11. Re1 Bb7 12. Nf1 Nf8 13. Ng3 h5 14. Be3 h4 15. Ne2 Qd7 16. h3 O-O-O 17. Ng5 Bxg5 18. Bxg5 {1-0 (44) Chow,A (2295)-Alliston,R Chicago 1991}) 11... Bb7 {[%emt 0:00:00]} 12. Re1 {[%emt 0:00:36]} Qc7 {[%emt 0:00:00]} 13. Rc1 {[%emt 0:00:50]} Nf8 {[%emt 0:00:00]} 14. c4 {[%emt 0:02:34]} Rd8 {[%emt 0:00:00]} 15. cxd5 {[%emt 0:09:19]} exd5 {[%emt 0:00:00]} 16. dxc5 {[%emt 0:01:24]} bxc5 {[%emt 0:00:00]} 17. Nf1 {[%emt 0:01:46]} Ne6 {[%emt 0:00:00]} 18. Ng3 {[%emt 0:00:18]} ({White should play} 18. Ne3 $11) 18... g6 {[%emt 0:00:00]} 19. Qd2 {[%emt 0:03:19]} Nb4 {[%emt 0:00:00]} 20. Bb1 {[%emt 0:02:25]} Qb6 {[%emt 0:00:00]} 21. Bc3 {[%emt 0:16:28]} d4 {[%emt 0:00:00]} 22. Bxb4 {[%emt 0:00:18]} cxb4 {[%emt 0:00:00]} 23. Be4 {[%emt 0:50:59]} h6 {[%emt 0:00:00]} (23... a5 $11 {keeps the balance.}) 24. Bxb7 {[%emt 0:01:54]} Qxb7 {[%emt 0:00:00]} 25. Ne4 {[%emt 0:00:34]} Kf8 {[%emt 0:00:00]} 26. Rc4 {[%emt 0:00:52]} Kg7 {[%emt 0:00:00]} 27. Nd6 {[%emt 0:01:16]} Bxd6 {[%emt 0:00:00]} 28. exd6 {[%emt 0:00:03]} Rxd6 {[%emt 0:00:00]} 29. Rxb4 {[%emt 0:01:02]} Qa7 {[%emt 0:00:00]} 30. Rc4 {[%emt 0:04:25]} Rhd8 {[%emt 0:14:00]} 31. h4 {[%emt 0:02:46]} Qa8 {[%emt 0:00:00]} 32. Ne5 {[%emt 0:04:58]} Qd5 {[%emt 0:00:00]} 33. Nd3 {[%emt 0:01:55]} Qh5 {[%emt 0:15:30]} 34. Re4 {[%emt 0:08:06]} g5 {[%emt 0:00:00]} 35. Nc5 {[%emt 0:04:00]} Nf4 {[%emt 0:00:00] [#]} (35... Nxc5 $11 36. Rxc5 Qg6) 36. Nb7 $1 {[%emt 0:04:14]} Qg4 {[%emt 0:00:00]} (36... d3 {was necessary.} 37. Nxd8 (37. Nxd6 Rxd6 38. Re3 Rf6 $16) 37... Rxd8) 37. f3 {[%emt 0:00:19]} Qg3 {[%emt 0:00:00]} 38. Nxd6 {[%emt 0:02:39]} (38. Nxd8 $18 {has better winning chances.} Rxd8 39. hxg5 hxg5 40. Rcxd4) 38... Rxd6 {[%emt 0:00:00]} 39. Rcxd4 {[%emt 0:02:28]} Rc6 {[%emt 0:00:00] [#]} (39... Rf6 $142 40. hxg5 hxg5) 40. Rxf4 $1 {[%emt 0:00:56]} gxf4 {[%emt 0:00:00]} 41. Rxf4 {[%emt 0:00:52]} h5 {[%emt 0:00:00]} 42. Qd4+ {[%emt 0:01:08]} Kf8 $2 {[%emt 0:00:00]} (42... Kg8 43. Qe3 Re6) 43. Qh8+ {[%emt 0:00:50] Double Attack} Ke7 {[%emt 0:00:00]} 44. Qe5+ $18 {[%emt 0:00:11]} 1-0

[Event "MARCEL 1st Div Ch-League 2019"]
[Site "Dhaka"]
[Date "2019.11.19"]
[Round "8.9"]
[White "Utsab Chatterjee"]
[Black "Yasir Ali, Khan Evan"]
[Result "1-0"]
[WhiteElo "2225"]
[BlackElo "1930"]
[Annotator "TA"]
[PlyCount "129"]
[EventDate "2019.11.12"]
[EventCountry "BAN"]
[SourceTitle "playchess.com"]
[Source "ChessBase"]
[SourceQuality "1"]

{[%evp 9,129,66,68,33,42,46,25,17,16,-25,-7,-16,0,0,0,0,0,-2,0,0,0,-4,-4,-7,0,0,0,-6,0,0,0,0,0,0,0,0,0,0,21,-5,21,10,6,0,0,0,0,-16,-7,-27,-8,-11,0,-58,-58,-50,-43,-179,-181,-187,-175,-189,-187,-186,-122,-119,-108,-118,-116,-118,-117,-118,-117,-197,-216,-215,-227,-341,-133,-257,-252,-221,-209,-205,8,4,20,14,20,13,140,135,157,137,120,124,240,28,322,318,374,374,666,654,12837,12838,12846,1060,12846,1436,12847,12847,12848,12848,12849,12849,12850,12850,12850,27996,27997,27997]} 1. e4 c6 2. d4 g6 3. Nc3 Bg7 4. Nf3 Nf6 5. e5 Nd5 6. Ne4 {B06: Modern Defence} O-O (6... d6 7. c4 Nc7 8. exd6 exd6 9. Bg5 f6 10. Bf4 O-O 11. Nxd6 Bg4 12. c5 Nd5 13. Bc4 {1-0 (38) Moiseenko,A (2657)-Solovchuk,A (2409) Rivne 2016}) 7. c4 Nc7 8. Bg5 $146 {White has an edge.} ({Predecessor:} 8. Bf4 b5 9. c5 Nd5 10. Bd2 a5 11. Be2 a4 12. O-O h6 13. Qc1 {1-0 (34) Benderac,S (2328)-Kadic,B (2021) Podgorica 2018}) 8... f6 9. exf6 exf6 10. Be3 $1 Qe7 11. Nc3 Bh6 12. Qe2 Bxe3 13. Qxe3 Re8 {And now ...Qg7 would win.} 14. Qxe7 Rxe7+ 15. Be2 d5 16. O-O Bg4 17. Rfe1 Kf8 18. b3 Nd7 19. h3 Bxf3 20. Bxf3 Ne6 21. Red1 dxc4 22. bxc4 Ng5 23. Be2 Rae8 24. Bf1 (24. Rab1 {is more complex.} b6 25. h4 Nf7 26. Bf1 Nd6 27. a4) 24... Ne4 25. Nxe4 Rxe4 26. a4 c5 27. d5 a5 28. Rab1 b6 29. g3 f5 30. h4 Ke7 31. Rbc1 (31. f3 $11 Rd4 32. Re1+ Kf7 33. Rxe8 Kxe8 34. Re1+ Kf7 35. Kf2) 31... Kd6 $15 32. Rb1 Rd4 33. Re1 (33. Kg2 $15) 33... Rxe1 $19 34. Rxe1 {[%mdl 4096] Endgame KRB-KRN} Ne5 35. Rc1 Rd2 36. Rc3 Ra2 (36... Rb2 $19 37. f4 Ng4) 37. Rb3 $17 Nd7 (37... Rxa4 38. Rxb6+ Kc7 39. Rb5 $11) 38. Re3 Rxa4 39. Re6+ Kc7 40. d6+ Kd8 {aiming for ...Ra1.} 41. Re7 (41. h5 $17) 41... Nf6 $19 42. Rb7 Rb4 43. Bg2 (43. h5 {was called for.}) 43... Ne4 $2 ({Don't blunder} 43... Rxc4 $2 44. Bc6 $18) (43... Rb1+ $19 {is more deadly.} 44. Kh2 Ng4+ 45. Kh3 Nxf2+ 46. Kh2 Ne4 47. Rxh7 Nxd6) 44. Rxh7 (44. Bxe4 $17 fxe4 45. Kf1) 44... Rxc4 45. Rg7 Rc1+ ({Don't do} 45... Nxd6 46. Rxg6 Ke7 47. Bf3 $17) 46. Kh2 Nxd6 $2 ({And not} 46... Nxf2 47. Bc6 Ng4+ 48. Kh3 Rh1+ 49. Kg2 Rh2+ 50. Kg1 Nf6 51. Ra7 Rg2+ 52. Kxg2 Nd7 53. Ra8+ Nb8 54. Rxb8#) ({Black should try} 46... Rd1 $19 {White must now prevent ...c4.} 47. Bxe4 fxe4 48. Rxg6 Rd2) 47. Rxg6 $11 Ke7 48. h5 $1 {[%cal Rh5h6] Hoping for h6.} Nf7 49. Rxb6 Rc2 {[#]} (49... c4 $11 {keeps the balance.}) 50. Bd5 $1 $16 Ng5 51. Kg2 {h6 is the strong threat.} Rd2 {[#]} 52. Bc4 $1 a4 (52... Rd4 $16) 53. Ra6 $2 (53. h6 $18) 53... Rd6 $2 {[%mdl 8192]} (53... Ne4 $11 {and Black is okay.}) 54. Rxa4 $18 Rh6 55. Ra7+ Kf8 $2 (55... Ke8 56. f4 Ne4 57. Bf7+ Kd8) 56. f4 Ne6 57. Ra6 Ke7 58. Kf2 (58. Rxe6+ $142 Rxe6 59. Bxe6 Kxe6 60. Kf3) 58... Rf6 59. Bxe6 (59. Rxe6+ $142 Rxe6 60. Bxe6 Kxe6 61. Ke3) 59... Rxe6 60. Rxe6+ Kxe6 {K3P-KPP} 61. Ke3 Kf6 62. Kd3 Kg7 63. Kc4 Kh6 64. Kxc5 Kxh5 65. Kd5 {Accuracy: White = 47%, Black = 39%.} 1-0

[Event "MARCEL 1st Div Ch-League 2019"]
[Site "Dhaka"]
[Date "2019.11.19"]
[Round "8.10"]
[White "Mohammad, Hasan Mia"]
[Black "Bhuiyan, Golam Mostafa"]
[Result "0-1"]
[WhiteElo "1743"]
[BlackElo "2060"]
[Annotator "NA"]
[PlyCount "82"]
[EventDate "2019.11.12"]
[EventCountry "BAN"]
[SourceTitle "playchess.com"]
[Source "ChessBase"]
[SourceQuality "1"]
[TimeControl "5400+30"]

{[%evp 14,78,26,32767,71,36,32767,32767,-34,-22,32767,32767,32767,32767,32767,32767,32767,32767,32767,32767,32767,32767,32767,-85,-80,32767,-156,-168,-202,-221,32767,32767,32767,32767,32767,32767,32767,32767,32767,-55,-62,-137,-68,32767,32767,-101,-16,-266,-270,-298,-300,-321,39,15,17,-137,-151,-139,-128,32767,-162,-664,-764,-1005,-1075,-1063,-1118]} 1. d4 {[%emt 0:00:00]} d5 {[%emt 0:00:51]} 2. c4 {[%emt 0:00:00]} e6 {[%emt 0:01:25]} 3. cxd5 {[%emt 0:00:17]} exd5 {[%emt 0:00:59]} 4. Nc3 {[%emt 0:00:11]} Nf6 {[%emt 0:00:01]} 5. Bg5 {[%emt 0:00:16]} Be7 {[%emt 0:00:08]} 6. Qc2 {[%emt 0:00:10]} h6 {[%emt 0:00:12]} 7. Bh4 {[%emt 0:00:21] D35: Queen's Gambit Declined: Exchange Variation} Nc6 {[%emt 0:00:09]} (7... Nbd7 8. e3 c6 9. Bd3 Nh5 10. Bxe7 Qxe7 11. O-O-O Nb6 12. h3 Nf6 13. Nf3 Be6 14. Kb1 O-O-O 15. Ne5 Nfd7 16. Nf3 Nf6 17. Rhe1 Rhe8 {1-0 (48) Miron,L (2490)-Borsuk,Y (2324) Agneaux 2015}) 8. e3 {[%emt 0:00:21]} Nb4 {[%emt 0:00:33]} 9. Qb1 {[%emt 0:01:03]} g6 $146 {[%emt 0:00:13]} ({Predecessor:} 9... Bg4 10. a3 Nc6 11. f3 Be6 12. Bd3 Qd7 13. Nge2 Nh5 14. Bf2 Nf6 {1-0 (25) Briem,B (1464)-Ragnarsson,R (1014) Reykjavik 2018}) 10. Bd3 {[%emt 0:01:01]} Nxd3+ {[%emt 0:06:54]} 11. Qxd3 {[%emt 0:00:14]} c6 {[%emt 0:00:07]} 12. Nge2 {[%emt 0:00:47]} Bf5 {[%emt 0:00:19]} 13. Qd2 {[%emt 0:00:27]} g5 {[%emt 0:00:13]} 14. Bg3 {[%emt 0:00:13]} h5 {[%emt 0:01:13]} 15. Be5 {[%emt 0:01:21]} Rg8 {[%emt 0:00:08]} 16. h3 {[%emt 0:00:43]} Bb4 {[%emt 0:00:50]} 17. f3 {[%emt 0:02:21]} Qe7 {[%emt 0:00:54]} 18. g4 {[%emt 0:00:42]} (18. a3 $11 Ba5 19. g4) 18... Bg6 {[%emt 0:00:38]} 19. Nc1 {[%emt 0:00:56]} Nd7 {[%emt 0:01:11]} 20. Bg3 {[%emt 0:00:48]} Nb6 {[%emt 0:00:07]} 21. b3 {[%emt 0:01:12]} Qf6 {[%emt 0:11:34]} 22. O-O {[%emt 0:01:05]} O-O-O {[%emt 0:01:33]} 23. Nd3 {[%emt 0:01:15]} Bxd3 {[%emt 0:00:44]} 24. Qxd3 {[%emt 0:03:23]} Bd6 {[%emt 0:00:50]} 25. Kg2 {[%emt 0:00:19]} Rge8 {[%emt 0:04:04]} 26. Rac1 {[%emt 0:00:58]} Kb8 {[%emt 0:00:29]} 27. Rfd1 {[%emt 0:00:34]} (27. Bxd6+ $15 Qxd6 28. gxh5) 27... Re7 {[%emt 0:01:19]} (27... Bxg3 $17 28. Kxg3 h4+ 29. Kg2 Qd6) 28. Bxd6+ {[%emt 0:01:18]} Qxd6 {[%emt 0:00:06]} 29. e4 {[%emt 0:00:25]} f6 {[%emt 0:01:20]} (29... Rh8 $17 30. e5 Qh6) 30. Ne2 $2 {[%emt 0:00:44]} (30. gxh5 $11 {and White has nothing to worry.} Qf4 31. exd5) 30... Rde8 {[%emt 0:01:06]} ({Less strong is} 30... hxg4 31. hxg4 Qe6 32. Nc3 $17) 31. Ng3 {[%emt 0:00:20]} dxe4 {[%emt 0:01:04]} 32. fxe4 {[%emt 0:00:39] [#]} Qd7 $2 {[%emt 0:22:38]} ({Better is} 32... Nd5 $1 $19 {[%cal Rd5f4][%mdl 512]} 33. Kh1 (33. exd5 Re3) 33... Nf4) 33. Nxh5 {[%emt 0:04:23]} Rxe4 {[%emt 0:00:05]} 34. Nxf6 {[%emt 0:03:59]} (34. Qg3+ $11 Qc7 35. Qxc7+ Kxc7 36. Nxf6 Re2+ {[%mdl 64] Double Attack} 37. Kf1) 34... Re2+ {[%emt 0:00:19] Double Attack} 35. Kf1 {[%emt 0:03:21]} Qf7 {[%emt 0:01:29]} 36. Qf5 {[%emt 0:00:50]} R8e6 {[%emt 0:00:57]} 37. Nh7 $2 {[%emt 0:03:55]} (37. Nh5 $17 Qe7 38. Qc5) 37... Qc7 {[%emt 0:00:39]} 38. Re1 {[%emt 0:10:59]} Qh2 {[%emt 0:16:32]} 39. Qf3 $19 {[%emt 0:01:14]} R6e3 $1 {[%emt 0:05:22]} 40. Qf8+ {[%emt 0:08:37]} Nc8 {[%emt 0:00:09]} 41. Rxe2 {[%emt 0:00:30]} Qxe2+ {[%emt 0:00:07]} 0-1

[Event "MARCEL 1st Div Ch-League 2019"]
[Site "Dhaka"]
[Date "2019.11.19"]
[Round "8.11"]
[White "Islam, Mohammad Aminul"]
[Black "Kyum, Ahmed"]
[Result "1-0"]
[WhiteElo "2078"]
[BlackElo "1909"]
[Annotator "NA"]
[PlyCount "69"]
[EventDate "2019.11.12"]
[EventCountry "BAN"]
[SourceTitle "playchess.com"]
[Source "ChessBase"]
[SourceQuality "1"]
[TimeControl "5400+30"]

{[%evp 8,69,14,18,32767,35,46,38,47,51,45,32767,52,45,32767,32767,32767,32767,32767,68,32767,55,63,54,55,59,67,66,56,29,32767,31,68,51,104,32767,32767,32767,32767,32767,119,104,147,135,175,74,237,249,233,222,405,311,494,554,606,725,642,724,640,814,861,673,627,729]} 1. c4 {[%emt 1:30:30]} Nf6 {[%emt 1:30:30]} 2. Nc3 {[%emt 0:00:30]} c5 {[%emt 0:00:30]} 3. Nf3 {[%emt 0:00:30]} Nc6 {[%emt 0:00:30]} 4. d4 {[%emt 0:00:30]} cxd4 {[%emt 0:00:30]} 5. Nxd4 {[%emt 0:00:30]} d6 {[%emt 0:00:30]} 6. e4 {[%emt 0:00:30]} g6 {[%emt 0:00:30]} 7. Be2 {[%emt 0:00:30]} Bg7 {[%emt 0:00:30]} 8. Be3 {[%emt 0:00:30]} Bd7 {[%emt 0:00:30]} 9. O-O {[%emt 0:00:30]} O-O {[%emt 0:00:30]} 10. Rc1 {[%emt 0:00:30]} Rc8 {[%emt 0:00:30]} 11. f3 {[%emt 0:00:30]} b6 {[%emt 0:00:30]} 12. Qd2 {[%emt 0:00:30]} Nxd4 {[%emt 0:00:30]} 13. Bxd4 {[%emt 0:00:30]} Bc6 {[%emt 0:00:30] B38: Sicilian: Maroczy Bind with 5...Bg7 and 7...0-0} 14. Rfd1 {[%emt 0:00:30]} Ne8 {[%emt 0:00:30]} (14... Qd7 15. b4 Rfd8 16. a4 Bxa4 17. Nxa4 Qxa4 18. b5 a5 19. Bxb6 Nd7 20. Bxd8 Rxd8 21. c5 dxc5 22. Rxc5 Nxc5 23. Qxd8+ {1-0 (44) Degenhard,S (2189)-Wild,R (2190) Wuerttemberg 2017}) 15. b4 $146 {[%emt 0:00:30]} ({Predecessor:} 15. Nd5 e5 16. Bf2 Bd7 17. b4 f5 18. c5 dxc5 19. bxc5 b5 20. Ne7+ Qxe7 21. Qxd7 Qxd7 22. Rxd7 {½-½ (40) Mueller,A (1688)-Goertz,H (1968) Bayerisch Eisenstein 2018}) 15... Bxd4+ {[%emt 0:00:30]} 16. Qxd4 {[%emt 0:00:30]} Ng7 {[%emt 0:00:30]} 17. Qe3 {[%emt 0:00:30]} Qc7 {[%emt 0:00:30]} 18. Nd5 {[%emt 0:00:30]} Qb7 {[%emt 0:00:30]} 19. g4 {[%emt 0:00:30]} f6 {[%emt 0:00:30]} 20. f4 {[%emt 0:00:30]} (20. b5 $5 {[%cal Rb5c6]} Bxd5 21. cxd5 $14) 20... e5 {[%emt 0:00:30]} (20... e6 $14) 21. f5 {[%emt 0:00:30]} g5 {[%emt 0:00:30]} 22. Rc3 {[%emt 0:00:30]} Ne8 {[%emt 0:00:30]} 23. Kf2 {[%emt 0:00:30]} Bxd5 {[%emt 0:00:30]} 24. Rxd5 {[%emt 0:00:30]} h6 {[%emt 0:00:30]} 25. Bd1 {[%emt 0:00:30]} Qe7 {[%emt 0:00:30]} 26. Qd2 {[%emt 0:00:30]} (26. Bb3 $18) 26... Rd8 $2 {[%emt 0:00:30]} (26... Nc7 $16) 27. c5 {[%emt 0:00:30]} bxc5 {[%emt 0:00:30]} 28. bxc5 {[%emt 0:00:30]} Rc8 $2 {[%emt 0:00:30]} (28... Qb7 29. Kf3 Rf7) 29. Ba4 {[%emt 0:00:30]} Qc7 {[%emt 0:00:30]} (29... a5 $142 30. c6 Kg7 31. Rxa5 d5 32. Qxd5 Nd6) 30. Rb3 {[%emt 0:00:30]} Rf7 {[%emt 0:00:30]} 31. cxd6 {[%emt 0:00:30]} Nxd6 {[%emt 0:00:30]} 32. Rxd6 {[%emt 0:00:30]} Qc5+ {[%emt 0:00:30]} 33. Kg2 {[%emt 0:00:30]} Qc2 {[%emt 0:00:30]} 34. Rb4 {[%emt 0:00:30]} Qxd2+ $18 {[%emt 0:00:30]} 35. Rxd2 {[%emt 0:00:30]} 1-0